Simbase Long-Term Spring Stars Quiz Stats

 Plays Quiz not verified by Sporcle

Score 0/5 Timer 04:00
0 Plays Today
% Correct
Krist Novoselic
50%
Theodore Roosevelt
50%
Natalie Merchant
40%
Aldous Huxley
20%
Oleg Protasov
10%

You're not logged in!

Compare scores with friends on all Sporcle quizzes.
OR
Log In

Show Comments

Extras

Created Jan 6, 2011SourceReportNominate
Tags:long-term, spring, star

Top Quizzes Today


Score Distribution

Your Account Isn't Verified!

In order to create a playlist on Sporcle, you need to verify the email address you used during registration. Go to your Sporcle Settings to finish the process.

Report this User

Report this user for behavior that violates our Community Guidelines.

Details: